| 000 | 00661cam a2200229 4500 | ||
|---|---|---|---|
| 001 | M83922 | ||
| 008 | 090401t1997 xxu||||| |||| 00| 0 eng d | ||
| 035 | _a(Sirsi) u78306 | ||
| 041 | _aeng | ||
| 050 | _a333.337 | ||
| 110 |
_aDeloitte and Touche Consulting Group _93482 |
||
| 245 | _aUK budget hotel survey 1997 - a success story set to continue. | ||
| 260 |
_aLondon _bDeloitte & Touche Consulting Group _c1997 |
||
| 300 | _a1 folded sheet ; 30cm. | ||
| 350 | _a0 | ||
| 650 | _aBUDGET HOTELS | ||
| 650 | _aHOTEL MARKET | ||
| 650 | _aHOTELS | ||
| 690 | _aPROPERTY-COMMERCIAL PROPERTY-COMMERCIAL PROPERTY MARKET | ||
| 942 | _n0 | ||
| 948 | _c13/05/1997 | ||
| 999 |
_c96427 _d96427 |
||